Alice’s Adventures in Wonderland and Through the Looking-Glass

Bibliografiske detaljer
Hovedforfatter: L. Carroll
Summary:Книга находится в премиум-версии платформы «Русский как иностранный».
Lewis Carroll was the pen name of Charles L. Dodgson, English writer, mathematician and photographer. This volume includes both of his most famous writings – «Alice\'s Adventures in Wonderland» and its sequel «Through the Looking-Glass». They tell a story of adventures of a girl named Alice in fantasy worlds full of wonderful and peculiar creatures. Both of these works were considered children’s novels that were satirical in nature. The tales play with logic, giving these stories lasting popularity with adults as well as with children.
Udgivet: Москва, Т8 Издательские технологии, RUGRAM, 2018
Fag:
Online adgang:Перейти к просмотру издания
Format: MixedMaterials Electronisk

MARC

LEADER 00000 a2200000 4500
001 RU/ROS-EDU.RU/128601
856 4 |u https://www.ros-edu.ru/book?id=128601  |z Перейти к просмотру издания 
010 |a 978-5-521-08193-6 
100 |a 20180101d2018 |||y0rusy0250  
105 |a y z 000zy 
101 0 |a rus 
102 |a RU 
200 1 |a Alice’s Adventures in Wonderland and Through the Looking-Glass  |b Электронный ресурс  |f L. Carroll 
700 1 |b L.  |a Carroll  |4 070 
330 |a Lewis Carroll was the pen name of Charles L. Dodgson, English writer, mathematician and photographer. This volume includes both of his most famous writings – «Alice\'s Adventures in Wonderland» and its sequel «Through the Looking-Glass». They tell a story of adventures of a girl named Alice in fantasy worlds full of wonderful and peculiar creatures. Both of these works were considered children’s novels that were satirical in nature. The tales play with logic, giving these stories lasting popularity with adults as well as with children. 
210 |a Москва  |c Т8 Издательские технологии, RUGRAM  |d 2018 
610 1 |a художественная литература 
610 1 |a зарубежная проза 
610 1 |a английский язык 
610 1 |a классика 
610 1 |a произведение 
675 |a 82 
686 |a 84  |2 rubbk 
300 |a Книга находится в премиум-версии платформы «Русский как иностранный». 
215 |a 240 с.